"Guía de identificación, formulación y evaluación social de proyectos de rehabilitación y mejoramiento de caminos vecinales a nivel de perfil" (Record no. 33172)

MARC details
000 -LEADER
campo de control de longitud fija 00386nam a2200109Ia 4500
005 - FECHA Y HORA DE LA ÚLTIMA TRANSACCIÓN
campo de control 20251222154305.0
008 - DATOS DE LONGITUD FIJA--INFORMACIÓN GENERAL
campo de control de longitud fija 251222s9999||||xx |||||||||||||| ||spa||
082 ## - NÚMERO DE LA CLASIFICACIÓN DECIMAL DEWEY
Número de clasificación 361.61/L98
100 ## - ENTRADA PRINCIPAL--NOMBRE DE PERSONA
Nombre de persona "Luna Huamán, José"
245 #0 - MENCIÓN DEL TÍTULO
Título "Guía de identificación, formulación y evaluación social de proyectos de rehabilitación y mejoramiento de caminos vecinales a nivel de perfil"
942 ## - ELEMENTOS DE ENTRADA SECUNDARIOS (KOHA)
Tipo de ítem Koha Libros
Holdings
Estatus retirado Estado de pérdida Estado de daño No para préstamo Biblioteca de origen Biblioteca actual Ubicación en estantería Fecha de adquisición Total de préstamos Signatura topográfica completa Código de barras Visto por última vez Precio de reemplazo Tipo de ítem Koha
        Biblioteca Tarma Biblioteca Tarma Programa 22/12/2025   361.61/L98 0000117 22/12/2025 22/12/2025 Libros